উচ্চ মাধ্যমিক নূতন রসায়ন : ধাতু / (Record no. 9597)
[ view plain ]
| 000 -LEADER | |
|---|---|
| fixed length control field | 00677nam a22002177a 4500 |
| 001 - CONTROL NUMBER | |
| JCCL Control Number | 9597 |
| 003 - CONTROL NUMBER IDENTIFIER | |
| JCCL marc code | BD-JhCC |
| 005 - DATE AND TIME OF LATEST TRANSACTION | |
| control field | 20180716175836.0 |
| 008 - FIXED-LENGTH DATA ELEMENTS--GENERAL INFORMATION | |
| fixed length control field | 180320b1990 bg ||||| |||| 00| 0 eng d |
| 035 ## - SYSTEM CONTROL NUMBER | |
| system control number | (BD-JhCC)9597 |
| 040 ## - CATALOGING SOURCE | |
| Original cataloging agency | BD-JhCC |
| Modifying agency | BD-JhCC |
| 041 ## - LANGUAGE CODE | |
| Language code of Book | ben |
| 082 ## - DEWEY DECIMAL CLASSIFICATION NUMBER | |
| Classification number | 547 |
| Author mark and Year | KUM 1990 |
| 100 ## - MAIN ENTRY--PERSONAL NAME | |
| Personal name | কুমার, পাল আনন্দ |
| 245 ## - TITLE STATEMENT | |
| Title | উচ্চ মাধ্যমিক নূতন রসায়ন : ধাতু / |
| Statement of responsibility, etc | পাল আনন্দ কুমার |
| 260 ## - PUBLICATION, DISTRIBUTION, ETC. (IMPRINT) | |
| Place of publication, distribution, etc | ঢাকা : |
| Name of publisher, distributor, etc | শিল্প প্রকাশনী |
| Date of publication, distribution, etc | 1990. |
| 300 ## - PHYSICAL DESCRIPTION | |
| Pagination | 374 p. : |
| Dimensions | 20 cm. |
| 650 ## - SUBJECT ADDED ENTRY--TOPICAL TERM | |
| Topical term or geographic name as entry element | Chemistry |
| 942 ## - ADDED ENTRY ELEMENTS (KOHA) | |
| Source of classification or shelving scheme | Dewey Decimal Classification |
| Koha item type | Books |
| Source of classification or shelving scheme | volume number | Damaged status | Not for loan | Home library | Current library | Shelving location | Date of accession | Cost, normal purchase price | Total Checkouts | Full call number | Barcode | Date last seen | Copy number | Koha item type |
|---|---|---|---|---|---|---|---|---|---|---|---|---|---|---|
| Dewey Decimal Classification | V-2 | JCC Rouf Library | JCC Rouf Library | General Stacks | 03/20/2018 | 90.00 | 547 KUM 1990 | 11517 | 03/20/2018 | C-1 | Books |